[Event "RSA-ch U08"]
[Site "Waterkloof"]
[Date "2015.04.09"]
[Round "9"]
[White "Keun, Andru"]
[Black "Van Schalkwyk, Jan Maarten"]
[Result "1-0"]
[WhiteElo "741"]
[BlackElo "754"]
[PlyCount "22"]
[EventDate "2015.04.04"]
[EventType "swiss"]
[EventRounds "9"]
[EventCountry "RSA"]
[SourceTitle "CBM 166 Extra"]
[Source "ChessBase"]
[SourceDate "2015.06.18"]
[SourceVersion "1"]
[SourceVersionDate "2015.06.18"]
[SourceQuality "1"]

1. e4 e5 2. d4 exd4 3. c3 dxc3 4. Bc4 cxb2 5. Bxb2 Nf6 6. Ne2 Nxe4 7. 0-0 Bc5 8. Qe1 Nc6 9. h3 d6 10. Nf4 Qg5 11. Qxe4+ Qe7 1-0

[Event "RSA-ch U08"]
[Site "Waterkloof"]
[Date "2015.04.08"]
[Round "7"]
[White "Keun, Andru"]
[Black "Chinthala, Jaswin"]
[Result "0-1"]
[WhiteElo "741"]
[BlackElo "1079"]
[PlyCount "36"]
[EventDate "2015.04.04"]
[EventType "swiss"]
[EventRounds "9"]
[EventCountry "RSA"]
[SourceTitle "CBM 166 Extra"]
[Source "ChessBase"]
[SourceDate "2015.06.18"]
[SourceVersion "1"]
[SourceVersionDate "2015.06.18"]
[SourceQuality "1"]

1. e4 e5 2. d4 exd4 3. c3 dxc3 4. Bc4 cxb2 5. Bxb2 Nf6 6. Nf3 Bb4+ 7. Nbd2 d5 8. exd5 Qe7+ 9. Ne5 0-0 10. 0-0 Nbd7 11. Re1 Nxe5 12. Rxe5 Qc5 13. d6 Qxd6 14. Qb3 Be6 15. Bxe6 fxe6 16. Rxe6 Qd5 17. Qxd5 Nxd5 18. h3 Bxd2 0-1